000 00180 a2200097 4500
020 _a090129003990
041 _aeng
100 _aAnna Seweel
245 _aBlack Beauty
942 _cBK
999 _c29037
_d29035